| 000 | 01080nam a22002537a 4500 | ||
|---|---|---|---|
| 005 | 20240530110526.0 | ||
| 008 | 150616s2011 ua ado g b 000 0 ara d | ||
| 017 |
_a2010/21390 _bمصر . دار الكتب المصرية |
||
| 020 | _a9789772879930 | ||
| 040 | _aEG-CaGPL | ||
| 082 | 0 | 4 |
_221 _a005.7\ _bع ح |
| 100 | 0 | _aعبدالحميد بسيونى | |
| 245 | 1 | 2 |
_aالحاسب و استخلاص المعرفة استكشاف او تنقيت الاراء = Opinion Mininig : _bكيف يقوم الحاسب باستكشاف و تحليل الاراء ؟ / _cعبدالحميد بسيونى |
| 250 | _aط1 | ||
| 260 |
_aالقاهرة : _bدار الكتب العلمية للنشر و التوزيع ، _c2011 . |
||
| 300 |
_a223 ص : _bايض ؛ _c24 سم . |
||
| 505 | _aيشتمل على ارجاعات ببليوجرافية | ||
| 650 | 0 | 4 | _aالحاسبات الالكترونية |
| 650 | 0 | 4 | _aالمعلومات ، علم |
| 650 | 0 | 4 | _aنظم المعلومات |
| 650 | 0 | 4 | _aالمعرفة |
| 942 |
_2ddc _cBK |
||
| 999 |
_c62004 _d62004 |
||